Y hasta cuándo esperaremos mandan dirun dirun dán : mujer y poder en América Latina /
Uloženo v:
| Hlavní autor: | |
|---|---|
| Médium: | Neznámo |
| Jazyk: | Spanish |
| Vydáno: |
Caracas, Venezuela:
nueva sociedad,
1989
|
| Vydání: | 1.edición |
| Témata: | |
| Tagy: |
Přidat tag
Žádné tagy, Buďte první, kdo vytvoří štítek k tomuto záznamu!
|
MARC
| LEADER | 000000000a22000000004500 | ||
|---|---|---|---|
| 001 | 001164 | ||
| 008 | 170623s1989 ve ||||| |||| 00| 0 spa d | ||
| 020 | |a 9806110471 | ||
| 041 | 0 | |a español | |
| 082 | |a 305.4 |b Y9y | ||
| 100 | 1 | |a Koschutzke, Alberto | |
| 245 | 1 | 0 | |a Y hasta cuándo esperaremos mandan dirun dirun dán : |b mujer y poder en América Latina / |c Alberto Koschutzke |
| 250 | |a 1.edición | ||
| 260 | |a Caracas, Venezuela: |b nueva sociedad, |c 1989 | ||
| 300 | |a 320 páginas | ||
| 500 | |a Número de inscripción 13244 | ||
| 650 | 4 | |a FEMINISMO - AMERICA LATINA | |
| 650 | 4 | |a MUJERES - CONDICIONES SOCIALES | |
| 942 | |2 ddc |c BK | ||
| 999 | |c 2247 |d 2247 | ||



